| 000 | 00350nam a2200133Ia 4500 | ||
|---|---|---|---|
| 008 | 240719s9999 xx 000 0 und d | ||
| 020 | _a9789389109177 | ||
| 041 | _aeng | ||
| 100 | _aN. Sundaresha | ||
| 245 | _aThe Dirty Dozen | ||
| 260 |
_aNew Dehli _bMacmillan _c2019 |
||
| 300 | _a312;. P. 24 Cm | ||
| 520 | _aFaculty Purchase By Dr. Jitendra Sharma | ||
| 999 |
_c41496 _d41496 |
||